| 000 | 00486nam a22001457a 4500 | ||
|---|---|---|---|
| 003 | SGT | ||
| 082 | _a658.514 | ||
| 100 | _aMUKESH CHATURVEDI | ||
| 245 | _aMANAGING INNOVATION AND NEW PRODUCT DEVELOPMENT CONCEPTS AND CASES | ||
| 260 |
_aNEW DELHI _bPHI LEARNING PRIVATE LIMITED _c2009 |
||
| 300 | _a271 | ||
| 650 | _aMANAGEMENT OF PRODUCTION ( USE OF TECHNOLOGY) | ||
| 653 | _aMANAGING INNOVATIONS AN OVERVIEW, ORGANIZING FOR NEW PRODUCT DEVELOPMENT,PRODUCT LAUNCH | ||
| 942 |
_2ddc _cFCM |
||
| 999 |
_c9429 _d9429 |
||